Statistieken voor Voor mijn zusje

Klik hier om de quiz te nemen!

Algemene statistieken

  • Deze quiz is 32 keer genomen
  • De gemiddelde score is 17 van 20

Antwoordstatistieken

VraagAntwoord% Correct
dichtbevolktwaar veel mensen wonen per vierkante kilometer
96%
dunbevolktwaar weinig mensen wonen per vierkante kilometer
96%
de trekpleistereen plek waar mensen graag naartoe willen
92%
het contrasteen tegenstelling
92%
de bezienswaardigheidiets wat de moeite waard is om te kijken
92%
de verscheidenheidde afwisseling, de variatie
88%
het schriftsysteemde manier waarop een taal opgeschreven wordt
88%
de deltaeen gebied waar een rivier in kleinere riviertejes vertakt en de zee in stroomt
88%
immensenorm
88%
de toonhoogtehoe hoog of laag een klank is
88%
terracottaroodbruin aardewerk
88%
roerbakkenal roerend en op hoge temperatuur kort bakken
85%
onherbergzaamdat zeg je van een gebied waar je niet gemakkelijk kunt wonen door klimaat
85%
oostersdat zeg je van iets of iemand uit landen ten oosten van Europa
85%
zich uitstrekkeneen bepaalde oppervlakte innemen
85%
de omgangsvormeen min of meer vastliggende manier waarop je met elkaar omgaat
85%
mildzacht en vriendelijk
85%
de metropooleen wereldstad
81%
vertoevenergens een tijdje zijn
81%
het karaktereen chinees teken voor een woord of een deel van een woord
73%

Scoreverdeling

Percentiel versus Aantal Correcte Antwoorden

Procent van Mensen met Elke Score

Uw Scoregeschiedenis

U heeft deze quiz nog niet genomen